00489 a2200157 45000010006000000050017000060080041000230030015000640400040000790800084001192450041002032640035002443000019002790410008002981000025003066184320260407155910.0260407a1970 arg spa dAR-UNSa-BCEJYS aAR-UNSa-BCEJYSbspacAR-UNSa-BCEJYS a347.725xSociedades públicas. Sociedades anónimas (Sociedades por acciones)10aLa gerencia de la sociedad anónima 1aBuenos Aires :bCangalloc1970 a189 p.c20 cm. aspa1 aMegna, Pedro Pascual